000
00237nam a22001217a 4500
041
_a
ENG
100
_a
R.L Earle
245
_a
Dairy and Food Engineering
260
_a
Dapoli
_b
CAET
_c
2004
300
_a
265
650
_a
APE
856
_u
APE
999
_c
3225
_d
3225